[Event "FIN-chT 2324"]
[Site "Finland"]
[Date "2024.03.17"]
[Round "11.4"]
[White "Tolonen, Mikko"]
[Black "Varpanen, Jan"]
[Result "1-0"]
[WhiteElo "2042"]
[BlackElo "2180"]
[PlyCount "63"]
[EventDate "2023.09.23"]
[EventType "team-tourn"]
[EventRounds "11"]
[EventCountry "FIN"]
[SourceTitle "EXT 2025"]
[Source "ChessBase"]
[SourceDate "2024.10.14"]
[SourceVersion "1"]
[SourceVersionDate "2024.10.14"]
[SourceQuality "1"]
[WhiteTeam "Espoo MatSK II"]
[BlackTeam "Vammala SK"]
[WhiteTeamCountry "FIN"]
[BlackTeamCountry "FIN"]

1. e4 c5 2. Nc3 Nc6 3. Bb5 Nd4 4. Nf3 a6 5. Bd3 b5 6. Nxd4 cxd4 7. Ne2 Qb6 8. c3 Bb7 9. Nxd4 Qg6 10. 0-0 d5 11. Qe2 dxe4 12. Bxb5+ Kd8 13. Bc4 h5 14. f4 e6 15. d3 Nf6 16. f5 exf5 17. Rxf5 Qg4 18. Bg5 Bd6 19. Qf2 exd3 20. Bxd3 Rg8 21. Be2 Qe4 22. Bf3 Qe7 23. Re1 Qc7 24. Bxb7 Qxb7 25. Bxf6+ gxf6 26. Rxf6 Qc7 27. Rxf7 Bxh2+ 28. Kh1 Qd6 29. Re6 Qg3 30. Rf8+ Rxf8 31. Qxf8+ Kd7 32. Qf7+ 1-0

[Event "FIN-chT 2324"]
[Site "Finland"]
[Date "2024.03.16"]
[Round "10.5"]
[White "Westerinen, Heikki MJ"]
[Black "Tolonen, Mikko"]
[Result "0-1"]
[WhiteElo "2237"]
[BlackElo "2042"]
[PlyCount "152"]
[EventDate "2023.09.23"]
[EventType "team-tourn"]
[EventRounds "11"]
[EventCountry "FIN"]
[SourceTitle "EXT 2025"]
[Source "ChessBase"]
[SourceDate "2024.10.14"]
[SourceVersion "1"]
[SourceVersionDate "2024.10.14"]
[SourceQuality "1"]
[WhiteTeam "Salo SalSK"]
[BlackTeam "Espoo MatSK II"]
[WhiteTeamCountry "FIN"]
[BlackTeamCountry "FIN"]

1. e4 e6 2. d4 d5 3. Nc3 Bb4 4. e5 c5 5. a3 Bxc3+ 6. bxc3 Qa5 7. Bd2 Qa4 8. Qb1 c4 9. Nh3 Nc6 10. Be2 Nge7 11. 0-0 Bd7 12. Nf4 0-0-0 13. Nh5 Rhg8 14. Bg5 Rdf8 15. Qb2 h6 16. Bxe7 Nxe7 17. Rab1 Qc6 18. Qb4 Ng6 19. f4 f5 20. a4 Rf7 21. Rb2 Be8 22. a5 Kb8 23. Rfb1 Rc7 24. Kf2 Nf8 25. Ke3 Nh7 26. h4 Bf7 27. Qa3 Qe8 28. Qd6 Kc8 29. Ng3 g5 30. hxg5 hxg5 31. Rh1 gxf4+ 32. Kxf4 Ng5 33. Rh6 Qd7 34. Qxd7+ Rxd7 35. Rb1 Kc7 36. Rbh1 Rdd8 37. Rf6 Kd7 38. Bh5 Rdf8 39. Bxf7 Rxf7 40. Rxf7+ Nxf7 41. Rh7 Ke7 42. Kf3 Kf8 43. Kf2 Rh8 44. Rxh8+ Nxh8 45. Nh5 Nf7 46. Nf6 Ke7 47. g4 fxg4 48. Kg3 Nd8 49. Kxg4 Nc6 50. Kg5 Nxa5 51. Kg6 Nc6 52. Ng8+ Kd7 53. Nf6+ Ke7 54. Ng8+ Kf8 55. Kf6 Nd8 56. Ne7 a5 57. Ng6+ Ke8 58. Nf4 Kd7 59. Ne2 b5 60. Nc1 Nc6 61. Na2 b4 62. cxb4 axb4 63. Kf7 b3 64. cxb3 cxb3 65. Nc3 Nxd4 66. Na4 Kc6 67. Ke7 Kb5 68. Nb2 Kb4 69. Kd6 Kc3 70. Na4+ Kc2 71. Kc5 Nf3 72. Kd6 Nxe5 73. Kxe6 d4 74. Kxe5 d3 75. Kd4 d2 76. Nc3 b2 0-1

[Event "Prague op 21st"]
[Site "Prague"]
[Date "2023.01.07"]
[Round "2"]
[White "Tolonen, Mikko"]
[Black "Elmi, Saad Abobaker"]
[Result "0-1"]
[WhiteElo "2085"]
[BlackElo "2326"]
[PlyCount "72"]
[EventDate "2023.01.06"]
[EventType "swiss"]
[EventRounds "9"]
[EventCountry "CZE"]
[SourceTitle "CBM 212 Extra"]
[Source "ChessBase"]
[SourceDate "2023.03.31"]
[SourceVersion "1"]
[SourceVersionDate "2023.03.31"]
[SourceQuality "1"]

1. e4 c5 2. Nc3 Nc6 3. Bb5 Nd4 4. Nf3 g6 5. Bc4 Bg7 6. Nxd4 cxd4 7. Qf3 Nf6 8. Ne2 Qa5 9. c3 dxc3 10. bxc3 0-0 11. 0-0 d6 12. Re1 Bg4 13. Qg3 Qc5 14. Bd3 e5 15. a4 a6 16. Ba3 Qc6 17. f3 Be6 18. Qf2 Rfd8 19. Bc2 Bc4 20. d3 Be6 21. Rab1 b5 22. axb5 axb5 23. Bb4 h5 24. h3 d5 25. Rec1 dxe4 26. fxe4 Ra2 27. Be7 Nxe4 28. dxe4 Rd2 29. Bd1 Bc4 30. Bg5 Rxe2 31. Bxe2 Rxe2 32. Qf3 Rxe4 33. Rd1 Be6 34. Rd8+ Kh7 35. Qd3 Rc4 36. Bd2 Bf5 0-1

[Event "FIN-chT1 Gp2"]
[Site "Finland"]
[Date "2022.09.24"]
[Round "1.2"]
[White "Soppela, Jouni"]
[Black "Tolonen, Mikko"]
[Result "1/2-1/2"]
[WhiteElo "1991"]
[BlackElo "2104"]
[PlyCount "26"]
[EventDate "2022.09.24"]
[EventType "team-tourn"]
[EventRounds "7"]
[EventCountry "FIN"]
[SourceTitle "EXT 2025"]
[Source "ChessBase"]
[SourceDate "2024.10.14"]
[SourceVersion "1"]
[SourceVersionDate "2024.10.14"]
[SourceQuality "1"]
[WhiteTeam "Jyvaskyla JyS II"]
[BlackTeam "Espoo MatSK II"]
[WhiteTeamCountry "FIN"]
[BlackTeamCountry "FIN"]

1. e4 e6 2. c4 d5 3. exd5 exd5 4. d4 Nf6 5. Nc3 Be7 6. Nf3 0-0 7. Bd3 dxc4 8. Bxc4 Nbd7 9. Be3 Nb6 10. Bb3 Nbd5 11. 0-0 c6 12. Ne5 Be6 13. Bc2 Re8 1/2-1/2

[Event "Heart of Finland op 30th"]
[Site "Jyvaskyla"]
[Date "2022.07.23"]
[Round "8"]
[White "Lahdelma, Henri"]
[Black "Tolonen, Mikko"]
[Result "1-0"]
[WhiteElo "2254"]
[BlackElo "2093"]
[PlyCount "77"]
[EventDate "2022.07.18"]
[EventType "swiss"]
[EventRounds "9"]
[EventCountry "FIN"]
[SourceTitle "CBM 209 Extra"]
[Source "ChessBase"]
[SourceDate "2022.09.30"]
[SourceVersion "1"]
[SourceVersionDate "2022.09.30"]
[SourceQuality "1"]

1. d4 Nf6 2. c4 c5 3. Nf3 cxd4 4. Nxd4 b6 5. Nc3 Bb7 6. f3 e6 7. e4 d6 8. Be3 Be7 9. Be2 a6 10. Qd2 Qc7 11. 0-0 Nbd7 12. Rfd1 0-0 13. Kh1 Rac8 14. Rac1 Rfe8 15. Bf1 Qb8 16. a3 Bd8 17. Bg1 Bc7 18. Qf2 Ne5 19. b4 Ned7 20. Rc2 Qa8 21. Na4 h6 22. Qd2 Qb8 23. Rb1 Qa8 24. Nb2 Ne5 25. Nd3 Nxd3 26. Bxd3 Nd7 27. Bf1 Bd8 28. Nb3 Be7 29. Bd4 Bc6 30. Qf2 Rb8 31. Qg3 Bf8 32. Rd2 d5 33. cxd5 exd5 34. e5 Bb5 35. Bxb5 axb5 36. Bb2 Rbd8 37. f4 Nb8 38. Nd4 Nc6 39. Nxb5 1-0

[Event "FIN-chT 2022"]
[Site "Finland"]
[Date "2021.10.16"]
[Round "11.6"]
[White "Tolonen, Mikko"]
[Black "Tumanov, Dmitri"]
[Result "0-1"]
[WhiteElo "2093"]
[BlackElo "2151"]
[PlyCount "60"]
[EventDate "2020.09.12"]
[EventType "team-tourn"]
[EventRounds "11"]
[EventCountry "FIN"]
[SourceTitle "EXT 2023"]
[Source "ChessBase"]
[SourceDate "2022.10.05"]
[SourceVersion "1"]
[SourceVersionDate "2022.10.05"]
[SourceQuality "1"]
[WhiteTeam "Espoo MatSK II"]
[BlackTeam "Gambiitti"]
[WhiteTeamCountry "FIN"]
[BlackTeamCountry "FIN"]

1. e4 c5 2. Nc3 Nc6 3. Bb5 Nd4 4. Nf3 Nxb5 5. Nxb5 a6 6. Nc3 d6 7. d4 cxd4 8. Qxd4 e5 9. Qd3 Be6 10. Ng5 Be7 11. Nxe6 fxe6 12. Qg3 Nf6 13. 0-0 0-0 14. Be3 b5 15. a3 Qc8 16. f3 Qc4 17. Rfd1 a5 18. Rd2 b4 19. Na4 bxa3 20. Rxa3 Nxe4 21. Nb6 Nxg3 22. Nxc4 Nf5 23. Bb6 d5 24. Nxe5 Bxa3 25. bxa3 Rfb8 26. Bc5 Rb5 27. Nd3 Rc8 28. Ba7 Rc7 29. Bf2 Rb1+ 30. Be1 Nd4 0-1

[Event "FIN-chT1A 1718"]
[Site "Finland"]
[Date "2017.09.16"]
[Round "1.5"]
[White "Torkkola, Henri"]
[Black "Tolonen, Mikko"]
[Result "1-0"]
[WhiteElo "2239"]
[BlackElo "2107"]
[PlyCount "31"]
[EventDate "2017.09.16"]
[EventType "team-tourn"]
[EventRounds "7"]
[EventCountry "FIN"]
[SourceTitle "EXT 2020"]
[Source "ChessBase"]
[SourceDate "2019.10.17"]
[SourceVersion "1"]
[SourceVersionDate "2019.10.17"]
[SourceQuality "1"]
[WhiteTeam "Sastamala VammSK"]
[BlackTeam "Espoo MatSK II"]
[WhiteTeamCountry "FIN"]
[BlackTeamCountry "FIN"]

1. d4 Nf6 2. Bg5 Ne4 3. h4 c5 4. dxc5 Qa5+ 5. Nd2 Nxg5 6. hxg5 Qxc5 7. g6 fxg6 8. e4 d6 9. Bc4 Nd7 10. Ngf3 Nf6 11. Qe2 Bg4 12. e5 dxe5 13. Bf7+ Kxf7 14. Nxe5+ Kg8 15. Nxg4 Nxg4 16. Qe6# 1-0

[Event "Helsinki We EtVaS A"]
[Site "Helsinki"]
[Date "2017.05.06"]
[Round "3"]
[White "Tolonen, Mikko"]
[Black "Lahdelma, Henri"]
[Result "0-1"]
[WhiteElo "2125"]
[BlackElo "1971"]
[PlyCount "86"]
[EventDate "2017.05.05"]
[EventType "swiss"]
[EventRounds "5"]
[EventCountry "FIN"]
[SourceTitle "EXT 2022"]
[Source "ChessBase"]
[SourceDate "2021.10.06"]
[SourceVersion "1"]
[SourceVersionDate "2021.10.06"]
[SourceQuality "1"]

1. e4 e6 2. d4 d5 3. Nc3 Nf6 4. e5 Nfd7 5. f4 c5 6. Nf3 Nc6 7. Be3 Be7 8. Qd2 0-0 9. dxc5 Bxc5 10. 0-0-0 Qa5 11. a3 f6 12. exf6 Nxf6 13. g3 Bd7 14. Bh3 Bxa3 15. bxa3 Qxa3+ 16. Kb1 Nb4 17. Bd4 Rac8 18. Ne5 Ne4 19. Nxd7 Nxd2+ 20. Rxd2 Rfe8 21. Nc5 Rxc5 22. Bxc5 Qxc3 23. Bxb4 Qxb4+ 24. Kc1 a5 25. Re1 a4 26. Rxe6 Kf8 27. Rxe8+ Kxe8 28. Be6 a3 29. Bxd5 Qb2+ 30. Kd1 a2 31. Bxa2 Qxa2 32. Rd3 Ke7 33. Rb3 Ke6 34. h4 Kf5 35. Kd2 Kg4 36. Kc1 Qa6 37. Kb2 h5 38. Rd3 Qc4 39. Kc1 Qxd3 40. cxd3 Kxg3 41. Kd2 Kxf4 42. Kc3 Ke5 43. Kc4 b6 0-1

[Event "FIN-chT1B 1617"]
[Site "Finland"]
[Date "2016.10.08"]
[Round "3.7"]
[White "Lindholm, Tommi"]
[Black "Tolonen, Mikko"]
[Result "1/2-1/2"]
[WhiteElo "1917"]
[BlackElo "2090"]
[PlyCount "63"]
[EventDate "2016.09.17"]
[EventType "team-tourn"]
[EventRounds "7"]
[EventCountry "FIN"]
[SourceTitle "EXT 2019"]
[Source "ChessBase"]
[SourceDate "2018.10.10"]
[SourceVersion "1"]
[SourceVersionDate "2018.10.10"]
[SourceQuality "1"]
[WhiteTeam "Tampere Tammer III"]
[BlackTeam "Espoo MatSK II"]
[WhiteTeamCountry "FIN"]
[BlackTeamCountry "FIN"]

1. e4 e6 2. d3 d5 3. Nd2 c5 4. Ngf3 Nc6 5. g3 g6 6. Bg2 Bg7 7. 0-0 Nge7 8. Re1 0-0 9. Nf1 b5 10. exd5 exd5 11. c3 b4 12. Qc2 h6 13. h4 Be6 14. Bf4 Re8 15. Qd2 Nf5 16. Ne3 bxc3 17. bxc3 Qa5 18. Nxf5 Bxf5 19. Rxe8+ Rxe8 20. Rc1 Kh7 21. Bf1 Bg4 22. Nh2 Be6 23. Nf3 Rd8 24. Qc2 Bf5 25. Qb2 Rd7 26. d4 cxd4 27. cxd4 Qb4 28. Qxb4 Nxb4 29. a4 Nd3 30. Bxd3 Bxd3 31. Ne5 Bxe5 32. Bxe5 1/2-1/2

[Event "Hasselbacken op"]
[Site "Stockholm"]
[Date "2016.05.01"]
[Round "2"]
[White "Aguera Naredo, Javier"]
[Black "Tolonen, Mikko"]
[Result "1-0"]
[WhiteElo "2369"]
[BlackElo "2131"]
[PlyCount "127"]
[EventDate "2016.04.30"]
[EventType "swiss"]
[EventRounds "9"]
[EventCountry "SWE"]
[SourceTitle "CBM 172 Extra"]
[Source "ChessBase"]
[SourceDate "2016.06.21"]
[SourceVersion "1"]
[SourceVersionDate "2016.06.21"]
[SourceQuality "1"]

1. e4 e6 2. d4 d5 3. Nd2 Nc6 4. Ngf3 Nf6 5. e5 Nd7 6. Be2 f6 7. exf6 Qxf6 8. Nf1 Bd6 9. Ne3 0-0 10. 0-0 Qg6 11. g3 Nf6 12. Nh4 Qe8 13. f4 Ne7 14. Nf3 c5 15. c3 Bd7 16. Re1 Rc8 17. Bd3 Qh5 18. Ne5 Bxe5 19. dxe5 Qxd1 20. Rxd1 Ne8 21. Nc2 Nc7 22. Be3 b6 23. a4 h6 24. b4 Na8 25. bxc5 bxc5 26. Ba6 Rc7 27. a5 Bc8 28. Be2 Bd7 29. Rdb1 Nf5 30. Bf2 Ne7 31. Rb2 Kf7 32. Rab1 Ba4 33. Na3 c4 34. Rb4 Bc6 35. Rb8 Rxb8 36. Rxb8 a6 37. g4 Rc8 38. Rb2 g6 39. Be3 Rg8 40. Nc2 Rc8 41. Nd4 Bd7 42. Bf3 Nc6 43. Rb7 Rc7 44. Nxc6 Bxc6 45. Rb8 Rb7 46. Rc8 Rc7 47. Rd8 Rd7 48. Rxd7+ Bxd7 49. f5 Nc7 50. f6 Nb5 51. Bd2 d4 52. cxd4 Nxd4 53. Bd1 Nc6 54. Bc3 Na7 55. Kf2 Nb5 56. Bd2 g5 57. Ke3 Bc6 58. Bb4 Bd5 59. Ba4 Bc6 60. Bd1 Bd5 61. Be2 Ke8 62. Bd1 Kf7 63. h4 gxh4 64. g5 1-0

[Event "EU-Cup 31st"]
[Site "Skopje"]
[Date "2015.10.20"]
[Round "3.4"]
[White "Tolonen, Mikko"]
[Black "Van Kemenade, Rudy"]
[Result "1/2-1/2"]
[WhiteElo "2145"]
[BlackElo "1949"]
[PlyCount "94"]
[EventDate "2015.10.18"]
[EventType "team-swiss"]
[EventRounds "7"]
[EventCountry "MKD"]
[SourceTitle "CBM 169"]
[Source "ChessBase"]
[SourceDate "2015.11.10"]
[SourceVersion "1"]
[SourceVersionDate "2015.11.10"]
[SourceQuality "1"]
[WhiteTeam "Matinkylan"]
[BlackTeam "Cardigan"]
[WhiteTeamCountry "FIN"]
[BlackTeamCountry "WLS"]

1. e4 d6 2. d4 Nf6 3. Nc3 Nbd7 4. Nf3 e5 5. Bc4 Be7 6. h3 h6 7. a4 c6 8. 0-0 Qc7 9. Re1 Nf8 10. Be3 Rg8 11. Nh2 g5 12. Be2 Ng6 13. Ng4 Bxg4 14. hxg4 Nf4 15. g3 0-0-0 16. f3 Nxe2+ 17. Qxe2 h5 18. gxh5 Nxh5 19. g4 Nf4 20. Bxf4 gxf4 21. d5 Bh4 22. Rf1 Bg3 23. Kg2 Rh8 24. Rh1 Qb6 25. dxc6 bxc6 26. Qd2 Qc5 27. Rxh8 Rxh8 28. Rh1 Rxh1 29. Kxh1 Bf2 30. Nd1 Be3 31. Qc3 Qxc3 32. Nxc3 Bd4 33. Nd1 d5 34. Kg2 dxe4 35. fxe4 Kd7 36. Kf3 Ke6 37. c3 Bb6 38. g5 Ke7 39. b3 Kf8 40. Nb2 Kg7 41. Nc4 Bc7 42. Kg4 Kg6 43. Nd2 f6 44. gxf6 Kxf6 45. Nc4 Kg6 46. Nd2 Kf6 47. Nc4 Kg6 1/2-1/2

[Event "FIN-chT1B 1516"]
[Site "Finland"]
[Date "2015.10.10"]
[Round "3.3"]
[White "Tolonen, Mikko"]
[Black "Honkanen, Marko"]
[Result "1-0"]
[WhiteElo "2144"]
[BlackElo "2056"]
[PlyCount "81"]
[EventDate "2015.09.12"]
[EventType "team-tourn"]
[EventRounds "8"]
[EventCountry "FIN"]
[SourceTitle "EXT 2017"]
[Source "ChessBase"]
[SourceDate "2016.10.25"]
[SourceVersion "1"]
[SourceVersionDate "2016.10.25"]
[SourceQuality "1"]
[WhiteTeam "Espoo MatSK II"]
[BlackTeam "Helsinki KSK"]
[WhiteTeamCountry "FIN"]
[BlackTeamCountry "FIN"]

1. e4 e6 2. d4 d5 3. Nc3 Bb4 4. e5 c5 5. Qg4 Ne7 6. dxc5 Nbc6 7. Qxg7 Rg8 8. Qxh7 Nxe5 9. Nge2 Bd7 10. Bf4 Nc4 11. 0-0-0 Qa5 12. Qd3 Rc8 13. Be3 Nf5 14. Kb1 Nfxe3 15. fxe3 Bxc5 16. Nd4 Bxd4 17. Qxd4 Qb4 18. Bxc4 Rxc4 19. Qd2 Ke7 20. Rhf1 Rgc8 21. Rf4 a5 22. g3 a4 23. a3 Qc5 24. Rxc4 Qxc4 25. Qd4 Qc6 26. Rf1 Be8 27. h4 Qd6 28. g4 Rc4 29. Qf6+ Kd7 30. Rf4 Qc5 31. Qe5 b5 32. Rd4 Kc8 33. h5 b4 34. axb4 Qxb4 35. Rxc4+ Qxc4 36. Qd4 Qf1+ 37. Ka2 Qg2 38. Kb1 Qg1+ 39. Ka2 Qc1 40. Nxa4 Bxa4 41. Qxa4 1-0

[Event "FIN-chT 1415"]
[Site "Finland"]
[Date "2014.09.28"]
[Round "2.4"]
[White "Hokkanen, Petri"]
[Black "Tolonen, Mikko"]
[Result "0-1"]
[WhiteElo "2276"]
[BlackElo "2195"]
[PlyCount "106"]
[EventDate "2014.09.27"]
[EventType "team-tourn"]
[EventRounds "11"]
[EventCountry "FIN"]
[SourceTitle "CBM 162 Extra"]
[Source "ChessBase"]
[SourceDate "2014.10.17"]
[SourceVersion "1"]
[SourceVersionDate "2014.10.17"]
[SourceQuality "1"]
[WhiteTeam "Porvoo Velhot"]
[BlackTeam "Espoo MatSK II"]
[WhiteTeamCountry "FIN"]
[BlackTeamCountry "FIN"]

1. d4 Nf6 2. Nf3 c5 3. c4 cxd4 4. Nxd4 b6 5. Nc3 Bb7 6. f3 e6 7. e4 d6 8. Be2 Be7 9. 0-0 0-0 10. Be3 a6 11. a4 Qc7 12. Rc1 Nbd7 13. Qd2 Rac8 14. g4 g6 15. Bg5 Rfe8 16. Kg2 Qb8 17. Rce1 Qa8 18. Qe3 Qb8 19. f4 Nc5 20. Bf3 e5 21. Nde2 Ne6 22. b3 Nxg5 23. fxg5 Nd7 24. Rd1 Nc5 25. Nd5 Bxd5 26. Rxd5 b5 27. axb5 axb5 28. cxb5 Qxb5 29. Rb1 Qb4 30. h4 Ra8 31. Rdd1 Ra3 32. Nc3 Rxb3 33. Nd5 Rxe3 34. Rxb4 Rd3 35. Rdb1 Ne6 36. Rb8 Kf8 37. Kf2 Rd2+ 38. Kg1 Rc2 39. Bd1 Rc4 40. Rxe8+ Kxe8 41. Rb8+ Bd8 42. Be2 Rc1+ 43. Kf2 Kf8 44. Nf6 Ke7 45. Nd5+ Kf8 46. h5 gxh5 47. gxh5 Kg7 48. Nf6 Bxf6 49. h6+ Kg6 50. Rg8+ Bg7 51. Bg4 Nxg5 52. hxg7 Nxe4+ 53. Kf3 Nf6 0-1

[Event "FIN-chT1 East 1314"]
[Site "Finland"]
[Date "2014.02.08"]
[Round "6.4"]
[White "Vakeva, Jani"]
[Black "Tolonen, Mikko"]
[Result "1-0"]
[WhiteElo "2174"]
[BlackElo "2219"]
[PlyCount "125"]
[EventDate "2013.09.21"]
[EventType "team-tourn"]
[EventRounds "9"]
[EventCountry "FIN"]
[SourceTitle "EXT 2022"]
[Source "ChessBase"]
[SourceDate "2021.10.06"]
[SourceVersion "1"]
[SourceVersionDate "2021.10.06"]
[SourceQuality "1"]
[WhiteTeam "Kotka KymS"]
[BlackTeam "Espoo MatSK II"]
[WhiteTeamCountry "FIN"]
[BlackTeamCountry "FIN"]

1. d4 Nf6 2. c4 c5 3. d5 e5 4. Nc3 d6 5. e4 Be7 6. f4 exf4 7. Bxf4 Ng4 8. Nf3 Nd7 9. Bd3 a6 10. 0-0 0-0 11. h3 Nge5 12. Nxe5 Nxe5 13. Bxe5 dxe5 14. Qf3 Bd7 15. g4 Bg5 16. Ne2 Qe7 17. Kg2 Rab8 18. a4 b6 19. b3 Rb7 20. Ra2 h6 21. Nc3 g6 22. Kh1 Kg7 23. Raf2 Bh4 24. Rg2 Bc8 25. Nd1 Bg5 26. Be2 Bd7 27. Nc3 Bf4 28. Qd3 Bg5 29. Rd1 Rbb8 30. Qg3 Bf4 31. Qf2 Rfc8 32. d6 Qf8 33. Nd5 Bg5 34. h4 Bd8 35. g5 Be6 36. Nf6 Rc6 37. d7 Bh3 38. gxh6+ Kh8 39. Ng4 Bxg2+ 40. Kxg2 Re6 41. Rf1 f6 42. Qg3 Qe7 43. Ne3 Kh7 44. Bg4 Rd6 45. h5 Rd2+ 46. Kg1 g5 47. Qf3 b5 48. Qf5+ Kh8 49. Nd5 Rxd5 50. cxd5 bxa4 51. bxa4 c4 52. Qg6 Qf8 53. Bf5 Qg8 54. Be6 Qf8 55. Kg2 Rb2+ 56. Kg3 Rb3+ 57. Kg4 Rb8 58. Kf5 a5 59. Rc1 Be7 60. h7 Qg7 61. Rxc4 Rd8 62. Rc8 Qxh7 63. d6 1-0